00752 a2200181 45000010006000000050017000060080041000230030015000640400040000790800122001192450039002412500012002802640049002923000019003415050182003600410008005421000020005505543120260407155828.0260407a1951 arg spa dAR-UNSa-BCEJYS aAR-UNSa-BCEJYSbspacAR-UNSa-BCEJYS a101.1xNaturaleza de la filosofía. La filosofía como ciencia. La filosofía como arte (pensamiento filosófico)10aFilosofía de las leyes naturales a2a. ed. 1aBuenos Aires :bEspasa-Calpe Argentinac1951 a178 p.c20 cm. a1. La ley y el espacio - 2. Las leyes naturales, ¿Son leyes de la naturaleza? - 3. Características generales de las leyes - 4. La ley y la experiencia - 5. La ley y el tiempo aspa1 aPapp, Desiderio